Le plus grand pays parmi les trois - Mort Subite - Statistiques

Statistiques générales
  • Ce quiz a été pris 232 fois
  • Le résultat moyen est 6 sur 12
Answers on the Grid
Answers color-coded by a green-red scale on the quiz's grid according to % correct below.
Roumanie
Slovénie
Slovaquie
Islande
Madagascar
Taïwan
Brésil
Australie
États-Unis
Algérie
Libye
Égypte
Royaume-Uni
Philippines
Colombie
Mongolie
Irak
Mauritanie
Pologne
Ukraine
Biélorussie
Croatie
Équateur
Belize
Portugal
Belgique
Pays-Bas
Indonésie
Vietnam
Côte d'Ivoire
Grèce
Arménie
Kenya
Samoa
Fidji
Kiribati
 
Statistiques - réponses
Réponse % Correct
Madagascar
84%
Roumanie
84%
États-Unis
65%
Algérie
61%
Ukraine
41%
Mongolie
39%
Colombie
38%
Équateur
35%
Indonésie
34%
Kenya
33%
Portugal
33%
Fidji
20%
Aucun quiz correspondant
Distribution des résultats
% des personnes avec chaque résultat
Percentile par nombre de réponses
Votre historique - résultats
Vous n’avez pas pris ce quiz